000 00403nam a2200157Ia 4500
008 230524s9999 xx 000 0 und d
082 _a658.4012
_bGIT
100 _aLawrence J.Gitman
245 0 _a"Managerial Finance (Principles of), 11th ed."
250 _a11TH
260 _aNEW DELHI
_bPearson
_c2010
300 _aXXV;668
500 _aQuantity Number: 2
650 _aManagement
942 _cBK
999 _c46799
_d46799